| 000 | 00554nam a2200157 a 4500 | ||
|---|---|---|---|
| 001 | 000026853 | ||
| 005 | 20200930030441.0 | ||
| 008 | 110325s2001 dr r 000 | spa d | ||
| 040 |
_aDO-SdBNP _bspa _cBNPHU |
||
| 082 |
_axxxx _bS593e |
||
| 100 | 1 |
_aSimó Torres, Dennis R., _d1943- _931631 |
|
| 245 | 1 | 4 |
_aLos estados finacieros : _bpara personas sin conocimiento de contabilidad / _cDennis R. Simó. |
| 260 |
_aSanto Domingo : _b[s.n.], _c2001. _f(CENAPEC) |
||
| 300 |
_a97 p. ; _c27 cm. |
||
| 500 | _aIncluye datos biográficos del autor en la contracubierta. | ||
| 999 |
_c26345 _d26345 |
||